Import policy for actual users for machinery and equipment. (Record no. 55675)

MARC details
000 -LEADER
fixed length control field 00656cam a22002291 4500
001 - CONTROL NUMBER
control field sa 63004481
003 - CONTROL NUMBER IDENTIFIER
control field DLC
005 - DATE AND TIME OF LATEST TRANSACTION
control field 20260227111949.0
008 - FIXED-LENGTH DATA ELEMENTS--GENERAL INFORMATION
fixed length control field 861113s1963 ii r 000 0 eng
010 ## - LIBRARY OF CONGRESS CONTROL NUMBER
LC control number sa 63004481
025 ## - OVERSEAS ACQUISITION NUMBER
Overseas acquisition number PL480:I-E-1830
035 ## - SYSTEM CONTROL NUMBER
System control number (OCoLC)14706227
040 ## - CATALOGING SOURCE
Original cataloging agency DLC
Transcribing agency WaU
Modifying agency OCoLC
-- DLC
042 ## - AUTHENTICATION CODE
Authentication code premarc
050 00 - LIBRARY OF CONGRESS CALL NUMBER
Classification number HD9705.I42
Item number A5
110 1# - MAIN ENTRY--CORPORATE NAME
Corporate name or jurisdiction name as entry element India (Republic).
Subordinate unit Development Wing.
245 10 - TITLE STATEMENT
Title Import policy for actual users for machinery and equipment.
260 ## - PUBLICATION, DISTRIBUTION, ETC.
Place of publication, distribution, etc. [New Delhi,
Date of publication, distribution, etc. 1963]
300 ## - PHYSICAL DESCRIPTION
Extent 245 p.
Dimensions 24 cm.
650 #0 - SUBJECT ADDED ENTRY--TOPICAL TERM
Topical term or geographic name entry element Machinery industry
Geographic subdivision India
Form subdivision Directories.
650 #0 - SUBJECT ADDED ENTRY--TOPICAL TERM
Topical term or geographic name entry element Machinery industry
Geographic subdivision India.

No items available.

Powered by Koha